00380nam a22001217a 4500003000400000008004100004082001200045100002400057245011600081260003500197300000800232650001800240OSt230309b |||||||| |||| 00| 0 eng d a327 DRP aDrishti Publication aPolitical Science and International Relation (Comparative Political Analysis and International Politics) Book-V aNew DelhibDrishti Publication a210 aGeneral Books